00710nam a2200241 a 4500001001300000003000900013005001700022008004100039020001000080082001600090100003100106245005300137260003500190300000800225500003500233505001400268650001100282700003100293902000800324942000700332952011600339999001300455nice12345678IN_TiNIC20260116011346.0050524s0000 hyda grp 000 0 per  ac10000a297.4bTUS1 aTusi, Khaja Naseeruddin Mo aRisala Fi Sair Wa Suluk Wa- Tahqeeq Mazhabul Haq aHyderabadbJamia Osmaniac0000 a68p aincludes index and biblioraphy2 areference aSufism1 aTusi, Khaja Naseeruddin Mo bSRS cBK 001040708StackRoom-aHMIbHMId2007-07-03g100.00l0o297.4 TUS1p04845r2007-07-03v100.00w2005-05-24yBK c820d820